How much do you remember about 2012? - Statistics

General Stats
  • This quiz has been taken 66 times
  • The average score is 8 of 20
Answer Stats
Hint Answer % Correct
Host city of the Summer Olympic Games London
84%
Cyclist who was stripped of Tour de France wins due to doping Lance Armstrong
79%
K-pop song which became most viewed video on YouTube Gangnam Style
76%
Queen Elizabeth II celebrated this jubilee Diamond Jubilee
65%
Republican candidate in the US Presidential Election Mitt Romney
56%
Name of Daniel Craig's third James Bond film Skyfall
56%
Singer, actress, producer and model who died aged 48 Whitney Houston
55%
Date on which the world was supposed to end, but didn't December 21
50%
Multiple members of this Russian punk rock band were imprisoned Pussy Riot
50%
7-time Formula One World Champion who retired at the end of the year Michael Schumacher
48%
Film which was screening at a theatre in Colorado which suffered a mass shooting The Dark Knight Rises
34%
Google Maps alternative which was the subject of much ridicule Apple Maps
32%
Second-costliest hurricane in US history Hurricane Sandy
32%
Italian cruise ship which ran aground, with the loss of 32 lives Costa Concordia
31%
Egypt's first democratically-elected President Mohammed Morsi
21%
Rover which successfully landed on Mars Curiosity
19%
Skydiver who became the first person to break the sound barrier by free-falling Felix Baumgartner
16%
Various prominent websites staged a blackout to protest this legislation Stop Online Piracy Act (SOPA)
13%
Shortlived unrecognized state which broke away from Mali Azawad
8%
Game that was widely criticized by players for its poor endings Mass Effect 3
8%
No matching quizzes found
Score Distribution
Percent of People with Each Score
Percentile by Number Answered
Your Score History
You have not taken this quiz